[Event "GER North-chT U16"]
[Site "Magdeburg"]
[Date "2006.08.27"]
[Round "3.2"]
[White "Peplow, Friedrich"]
[Black "Lebek, Ricarda"]
[Result "0-1"]
[WhiteElo "1106"]
[BlackElo "1501"]
[PlyCount "40"]
[EventDate "2006.08.26"]
[EventType "team"]
[EventRounds "7"]
[EventCountry "GER"]
[SourceTitle "EXT 2007"]
[Source "ChessBase"]
[SourceDate "2006.11.23"]
[SourceVersion "1"]
[SourceVersionDate "2006.11.23"]
[SourceQuality "1"]

1. d4 d5 2. c4 Nc6 3. Nf3 Bg4 4. cxd5 Bxf3 5. dxc6 Bxc6 6. Nc3 Nf6 7. Bg5 e6 8. e3 Be7 9. Qc2 h6 10. Bf4 a6 11. f3 0-0 12. Be2 Rc8 13. 0-0-0 Qd7 14. g4 Nd5 15. Nxd5 Bxd5 16. Kb1 c5 17. Qd3 cxd4 18. h4 dxe3 19. g5 Qa4 20. Bxe3 Qxa2# 0-1

[Event "GER North-chT U16"]
[Site "Magdeburg"]
[Date "2006.08.26"]
[Round "1.2"]
[White "Peplow, Friedrich"]
[Black "Soisson, Mickael"]
[Result "1-0"]
[WhiteElo "1106"]
[BlackElo "1055"]
[PlyCount "99"]
[EventDate "2006.08.26"]
[EventType "team"]
[EventRounds "7"]
[EventCountry "GER"]
[SourceTitle "EXT 2007"]
[Source "ChessBase"]
[SourceDate "2006.11.23"]
[SourceVersion "1"]
[SourceVersionDate "2006.11.23"]
[SourceQuality "1"]

1. d4 e6 2. e4 d6 3. Bc4 Nf6 4. Nc3 Be7 5. Be3 Bd7 6. e5 dxe5 7. dxe5 Ng8 8. Qd3 Bb4 9. 0-0-0 Bxc3 10. Qxc3 Ne7 11. Bc5 Nbc6 12. f4 a6 13. Nf3 b6 14. Ba3 b5 15. Bxe7 Qxe7 16. Bd3 b4 17. Qc4 a5 18. Be4 0-0 19. Bxc6 Bxc6 20. Qxc6 a4 21. Rd7 Qe8 22. Rxc7 Qxc6 23. Rxc6 b3 24. axb3 axb3 25. Kd2 bxc2 26. Rxc2 f6 27. b4 Rfd8+ 28. Ke3 Ra3+ 29. Kf2 Rb3 30. Rd2 Rxd2+ 31. Nxd2 Rxb4 32. g3 Kf7 33. Rb1 Rd4 34. Ke3 Rd7 35. Nc4 Kg6 36. Rb5 f5 37. Rb6 Kf7 38. Nd6+ Kg6 39. h3 h5 40. h4 Kh6 41. Nxf5+ Kh7 42. Rxe6 Rf7 43. Ke4 Rf8 44. Re7 Rg8 45. Rf7 Kh8 46. e6 Kh7 47. e7 Kg6 48. Rf8 Rh8 49. e8Q+ Kh7 50. Qxh5# 1-0